000 00243nam a2200109 4500
082 _a297KHA
100 _aKhan, Anwar
245 _aIslamic Realism and 21st Century:
260 _aIslamabad:
_bHaq Trust,
_c1991.
300 _a226p. ;
942 _cBK
999 _c9437
_d9437